Catálogo

INFORME SOBRE EL DESARROLLO MUNDIAL 2000/2001 : (Registro nro. 50854)

Detalles MARC
000 -LEADER
fixed length control field 00995nam a2200181 a 4500
001 - CONTROL NUMBER
control field 50854
005 - DATE AND TIME OF LATEST TRANSACTION
control field 20180714040056.0
008 - FIXED-LENGTH DATA ELEMENTS--GENERAL INFORMATION
fixed length control field 140415s2001 000 0 spa d
020 ## - INTERNATIONAL STANDARD BOOK NUMBER
International Standard Book Number 0821348264
041 ## - LANGUAGE CODE
Language code of text/sound track or separate title spa
082 ## - DEWEY DECIMAL CLASSIFICATION NUMBER
Classification number 362.5
Item number INF
245 00 - TITLE STATEMENT
Title INFORME SOBRE EL DESARROLLO MUNDIAL 2000/2001 :
Remainder of title LUCHA CONTRA LA POBREZA: PANORAMA GENERAL
250 ## - EDITION STATEMENT
Edition statement 1a ed.
260 ## - PUBLICATION, DISTRIBUTION, ETC.
Place of publication, distribution, etc. [s.l.] :
Name of publisher, distributor, etc. BANCO MUNDIAL,
Date of publication, distribution, etc. 2001
300 ## - PHYSICAL DESCRIPTION
Extent 107
Dimensions 20.5 x 0.5 x 27
520 ## - SUMMARY, ETC.
Summary, etc. EN EL PANORAMA GENERAL DEL INFORME SOBRE EL DESARROLLO MUNDIAL, 2000/2001: LUCHA CONTRA LA POBREZA (QUE SIGUE A OTROS DOS INFORMES SOBRE EL DESARROLLO MUNDIAL RELATIVOS AL MISMO TEMA DE LA POBREZA, PUBLICADOS EN 1980 Y 1990) SE MANTIENE, NO OBSTANTE, QUE ES POSIBLE CONSEGUIR FUERTES REDUCCIONES EN TODAS ESAS DIMENSIONES DE LA POBREZA QUE LA INTERACCION DE LOS MERCADOS, LAS INSTITUCIONES ESTATALES Y LA SOCIEDAD CIVIL PUEDEN PONER LAS FUERZAS DE LA INTEGRACION ECONOMICA Y EL CAMBIO TECNO
650 14 - SUBJECT ADDED ENTRY--TOPICAL TERM
Topical term or geographic name entry element POBREZA
Existencias
Withdrawn status Lost status Source of classification or shelving scheme Damaged status Not for loan Collection code Home library Current library Shelving location Date acquired Source of acquisition Total Checkouts Full call number Barcode Price effective from Koha item type
    Dewey Decimal Classification   Consulta en sala Referencia Biblioteca Karol Wojtyla Biblioteca Karol Wojtyla Referencia 03/12/2013 Compra   362.5 INF 75926 10/07/2018 Folleto